Firemný majetok ako nástroj daňovej optimalizácie

Opis možností, ktoré poskytuje zákon o dani z príjmov v súvislosti so zaradením tzv. drobného hmotného a nehmotného majetku, s voľbou metódy odpisovania hmotného majetku a so zaradením technického zhodnotenia hmotného majetku.

Enregistré dans:
Détails bibliographiques
Auteur principal: Furmaník, Peter
Format: Chapitre de livre
Langue:slovaque
Sujets:
Tags: Ajouter un tag
Pas de tags, Soyez le premier à ajouter un tag!

MARC

LEADER 00000naa a2200000 4500
001 0163735
005 20231208085616.4
041 0 |a slo 
044 |a SK 
245 1 0 |a Firemný majetok ako nástroj daňovej optimalizácie  |c Peter Furmaník 
520 |a Opis možností, ktoré poskytuje zákon o dani z príjmov v súvislosti so zaradením tzv. drobného hmotného a nehmotného majetku, s voľbou metódy odpisovania hmotného majetku a so zaradením technického zhodnotenia hmotného majetku. 
610 2 0 |a dane z príjmov 
610 2 0 |a optimalizácia daňová 
610 2 0 |a majetok 
610 2 0 |a firmy 
610 2 0 |a daňovníci 
100 1 |a Furmaník, Peter